[Event "GBR-ch blitz"]
[Site "Birmingham"]
[Date "2019.11.16"]
[Round "13"]
[White "Rush, Stephen"]
[Black "Adair, James R"]
[Result "0-1"]
[WhiteElo "2006"]
[BlackElo "2484"]
[PlyCount "50"]
[EventDate "2019.11.16"]
[EventType "tourn (blitz)"]
[EventRounds "15"]
[EventCountry "ENG"]
[EventCategory "5"]
[SourceTitle "BritBase"]
[Source "John Saunders"]
[SourceDate "2024.03.28"]
[SourceVersion "1"]
[SourceVersionDate "2024.03.28"]
[SourceQuality "1"]

1. d4 Nf6 2. c4 e6 3. Nc3 Bb4 4. f3 c5 5. d5 b5 6. e4 d6 7. Bd2 a6 8. cxb5 O-O
9. a4 exd5 10. Nxd5 Nxd5 11. exd5 Qh4+ 12. g3 Re8+ 13. Ne2 Qd4 14. Bxb4 Qxb4+
15. Qd2 axb5 16. Qxb4 cxb4 17. a5 Bb7 18. Kd2 Bxd5 19. Nd4 Nc6 20. Nxb5 Nxa5
21. Nc7 Nb3+ 22. Kd3 Rxa1 23. Nxe8 Bxf3 24. Rg1 Rd1+ 25. Kc2 Nd4# 0-1

[Event "GBR-ch blitz"]
[Site "Birmingham"]
[Date "2019.11.16"]
[Round "13"]
[White "Tan, Justin Hy"]
[Black "Beardsworth, Allan William"]
[Result "1-0"]
[WhiteElo "2469"]
[BlackElo "2144"]
[PlyCount "85"]
[EventDate "2019.11.16"]
[EventType "tourn (blitz)"]
[EventRounds "15"]
[EventCountry "ENG"]
[EventCategory "5"]
[SourceTitle "BritBase"]
[Source "John Saunders"]
[SourceDate "2024.03.28"]
[SourceVersion "1"]
[SourceVersionDate "2024.03.28"]
[SourceQuality "1"]

1. e4 d6 2. d4 Nf6 3. Nc3 e5 4. Nf3 Nbd7 5. Bc4 Be7 6. O-O O-O 7. a4 c6 8. Re1
b6 9. h3 a6 10. Ba2 Bb7 11. Qd3 b5 12. Bg5 Qc7 13. axb5 cxb5 14. d5 Rfc8 15.
Rac1 Nc5 16. Qe3 b4 17. Bxf6 Bxf6 18. Ne2 a5 19. Ng3 g6 20. Qd2 Qe7 21. Bc4 Kg7
22. Ra1 Qd8 23. c3 Qb6 24. Nh2 h5 25. Kh1 Nd7 26. Be2 bxc3 27. bxc3 Qc5 28. c4
Qxf2 29. Ra3 Qc5 30. Rb3 Ba6 31. Bxh5 a4 32. Rf3 Qd4 33. Rd3 Qxc4 34. Rf3 Qc2
35. Qe3 Bb5 36. Ng4 Rh8 37. Nxf6 Nxf6 38. Nf5+ Kf8 39. Nxd6 Nxh5 40. Rxf7+ Kg8
41. Qg5 Rh6 42. Qxh6 Ng3+ 43. Kh2 1-0

[Event "GBR-ch blitz"]
[Site "Birmingham"]
[Date "2019.11.16"]
[Round "13"]
[White "Turner, Matthew"]
[Black "Ghasi, Ameet K"]
[Result "1/2-1/2"]
[WhiteElo "2534"]
[BlackElo "2582"]
[PlyCount "287"]
[EventDate "2019.11.16"]
[EventType "tourn (blitz)"]
[EventRounds "15"]
[EventCountry "ENG"]
[EventCategory "5"]
[SourceTitle "BritBase"]
[Source "John Saunders"]
[SourceDate "2024.03.28"]
[SourceVersion "1"]
[SourceVersionDate "2024.03.28"]
[SourceQuality "1"]

1. d4 Nf6 2. Nc3 d6 3. Bg5 Nbd7 4. e4 e5 5. Nf3 Be7 6. Bc4 O-O 7. O-O c6 8. a4
a5 9. Qd2 Re8 10. Rfe1 Qc7 11. Rad1 Nb6 12. Bb3 Bg4 13. dxe5 dxe5 14. Qe3 Nbd7
15. h3 Bh5 16. Bxf6 Nxf6 17. Rd2 Nd7 18. g4 Bg6 19. h4 h5 20. Rxd7 Qxd7 21.
Nxe5 Qd6 22. Qf4 Rf8 23. Rd1 Qf6 24. Qxf6 Bxf6 25. Nxg6 Rfd8 26. Re1 Bxc3 27.
bxc3 hxg4 28. Ne5 Rf8 29. Rd1 Rad8 30. Bxf7+ Kh7 31. Bg6+ Kg8 32. Nd7 b5 33.
Kg2 bxa4 34. Bf5 Rfe8 35. Ra1 Re7 36. Nc5 Rd2 37. Rxa4 Rxc2 38. Rxa5 Kf7 39.
Ra3 g6 40. Bxg4 Re5 41. Ra7+ Kg8 42. Nd7 Re7 43. Ra8+ Kf7 44. Nc5 Rxc3 45. Nd7
Rxe4 46. Bf3 Rxh4 47. Ne5+ Kf6 48. Nxc6 Rf4 49. Rf8+ Kg5 50. Rxf4 Kxf4 51. Nd4
Rd3 52. Ne2+ Ke5 53. Ng3 Kf4 54. Be4 Rd6 55. Bb1 Rb6 56. Bd3 Rd6 57. Be4 Re6
58. Bd5 Rd6 59. Bg8 g5 60. Bc4 Rc6 61. Be2 Re6 62. Nh5+ Kf5 63. Bf3 Ra6 64. Kg3
Ra3 65. Ng7+ Kg6 66. Ne6 Ra4 67. Nc5 Rc4 68. Ne4 Rd4 69. Nc3 Rc4 70. Nd1 Ra4
71. Ne3 Rb4 72. Bg4 Ra4 73. Bf5+ Kf6 74. Bc2 Ra3 75. Kg4 Ra5 76. Be4 Re5 77. f3
Rc5 78. Nd5+ Ke5 79. Kxg5 Rc8 80. Nf4 Rg8+ 81. Ng6+ Kd4 82. Bf5 Re8 83. f4 Re1
84. Bg4 Kc5 85. f5 Kd6 86. f6 Rf1 87. Bf5 Rg1+ 88. Kh6 Rf1 89. Kg5 Rg1+ 90. Bg4
Rf1 91. Nf4 Ke5 92. Nd3+ Kd6 93. Kg6 Rg1 94. Kf5 Rf1+ 95. Nf4 Kd7 96. Kg5+ Ke8
97. Bh5+ Kd7 98. Ng6 Ke6 99. Bg4+ Kd6 100. Nh4 Ke5 101. Nf3+ Kd6 102. Kg6 Ra1
103. f7 Ra8 104. Kg7 Ra7 105. Nh4 Ke5 106. Ng6+ Ke4 107. Be6 Kd4 108. Kg8 Ra8+
109. f8=Q Rxf8+ 110. Kxf8 Kc5 111. Ke7 Kc6 112. Ne5+ Kc5 113. Nf3 Kc6 114. Bb3
Kc5 115. Ke6 Kb4 116. Bd1 Kc3 117. Be2 Kb4 118. Kd5 Kc3 119. Kc5 Kb3 120. Kd4
Kb4 121. Bc4 Ka3 122. Kc3 Ka4 123. Ne5 Ka3 124. Nc6 Ka4 125. Nd4 Ka3 126. Nc2+
Ka4 127. Kd4 Ka5 128. Kc5 Ka4 129. Bd5 Ka5 130. Bb3 Ka6 131. Kc6 Ka5 132. Be6
Ka4 133. Bd5 Ka5 134. Bb3 Ka6 135. Nb4+ Ka5 136. Nd5 Ka6 137. Bd1 Ka5 138. Kc5
Ka6 139. Nc7+ Ka5 140. Nb5 Ka6 141. Nd4 Ka5 142. Nc6+ Ka6 143. Bg4 Kb7 144. Kd6
1/2-1/2

[Event "GBR-ch blitz"]
[Site "Birmingham"]
[Date "2019.11.16"]
[Round "14"]
[White "Adair, James R"]
[Black "Arkell, Keith C"]
[Result "0-1"]
[WhiteElo "2484"]
[BlackElo "2464"]
[PlyCount "74"]
[EventDate "2019.11.16"]
[EventType "tourn (blitz)"]
[EventRounds "15"]
[EventCountry "ENG"]
[EventCategory "5"]
[SourceTitle "BritBase"]
[Source "John Saunders"]
[SourceDate "2024.03.28"]
[SourceVersion "1"]
[SourceVersionDate "2024.03.28"]
[SourceQuality "1"]

1. e4 c6 2. d4 d5 3. e5 c5 4. dxc5 Nc6 5. f4 e6 6. Be3 d4 7. Bf2 g5 8. fxg5
Bxc5 9. Nf3 Nge7 10. Nbd2 Ng6 11. Bb5 Bd7 12. Bxc6 Bxc6 13. O-O h6 14. Nb3 Bb6
15. gxh6 Rxh6 16. Nbxd4 Bd5 17. Qd2 Rh5 18. Rae1 Bc4 19. c3 Bxf1 20. Kxf1 Qd5
21. Qe2 Qxa2 22. Qb5+ Kf8 23. Qd7 Qd5 24. Qxd5 exd5 25. b4 Rc8 26. Nb5 Bxf2 27.
Kxf2 a6 28. Nd6 Rxc3 29. Nxb7 Nf4 30. Re3 Rc2+ 31. Kg3 Ne6 32. Na5 Rh6 33. h4
Rg6+ 34. Ng5 Nxg5 35. hxg5 Rxg5+ 36. Kf3 Rgxg2 37. Nb3 Rcf2# 0-1

[Event "GBR-ch blitz"]
[Site "Birmingham"]
[Date "2019.11.16"]
[Round "14"]
[White "Camacho Collados, Jose"]
[Black "Tan, Justin Hy"]
[Result "0-1"]
[WhiteElo "2390"]
[BlackElo "2469"]
[PlyCount "87"]
[EventDate "2019.11.16"]
[EventType "tourn (blitz)"]
[EventRounds "15"]
[EventCountry "ENG"]
[EventCategory "5"]
[SourceTitle "BritBase"]
[Source "John Saunders"]
[SourceDate "2024.03.28"]
[SourceVersion "1"]
[SourceVersionDate "2024.03.28"]
[SourceQuality "1"]

1. Nf3 c5 2. g3 Nc6 3. c4 g6 4. Bg2 Bg7 5. O-O d6 6. Nc3 e6 7. a3 Nge7 8. Rb1
O-O 9. b4 b6 10. Qc2 Bb7 11. Rd1 Qd7 12. d3 Rac8 13. Bf4 Nf5 14. bxc5 dxc5 15.
Qd2 e5 16. Be3 Nxe3 17. Qxe3 f5 18. Nd5 Rce8 19. Qc1 Ne7 20. Nxe7+ Rxe7 21. Ne1
Bxg2 22. Nxg2 f4 23. Qc2 Qh3 24. Qa4 fxg3 25. hxg3 Ref7 26. Rf1 h5 27. Qc6 Kh7
28. Ne3 Bh6 29. Qg2 Qe6 30. Nd5 h4 31. e4 h3 32. Qh2 Qg4 33. Rb2 Rf3 34. Kh1
Rxd3 35. a4 Qxe4+ 36. Kg1 Qg4 37. a5 Qxc4 38. axb6 Qxd5 39. b7 Rb8 40. Qxh3
Rxb7 41. Rxb7+ Qxb7 42. Qe6 Bg7 43. Rc1 Qd7 44. Qc4 0-1

[Event "GBR-ch blitz"]
[Site "Birmingham"]
[Date "2019.11.16"]
[Round "14"]
[White "D'Costa, Lorin AR"]
[Black "Rush, Stephen"]
[Result "1-0"]
[WhiteElo "2370"]
[BlackElo "2006"]
[PlyCount "59"]
[EventDate "2019.11.16"]
[EventType "tourn (blitz)"]
[EventRounds "15"]
[EventCountry "ENG"]
[EventCategory "5"]
[SourceTitle "BritBase"]
[Source "John Saunders"]
[SourceDate "2024.03.28"]
[SourceVersion "1"]
[SourceVersionDate "2024.03.28"]
[SourceQuality "1"]

1. d4 e6 2. Bf4 Nf6 3. e3 b6 4. Nf3 Be7 5. h3 O-O 6. c3 d5 7. Nbd2 c5 8. Bd3
Ba6 9. Bxa6 Nxa6 10. Ne5 Rc8 11. Qa4 Nb8 12. Qxa7 Nfd7 13. Nxd7 Nxd7 14. Qa6
Nf6 15. O-O h6 16. a4 Ra8 17. Qb5 c4 18. b3 Ra5 19. Qc6 Qa8 20. Qxa8 Rfxa8 21.
bxc4 Rxa4 22. Rxa4 Rxa4 23. Rb1 Bd8 24. c5 Ra6 25. c4 Kh7 26. cxb6 Bxb6 27. c5
Ba5 28. Ra1 Ra7 29. Nb3 Bb6 30. cxb6 1-0

[Event "GBR-ch blitz"]
[Site "Birmingham"]
[Date "2019.11.16"]
[Round "14"]
[White "Ghasi, Ameet K"]
[Black "Gormally, Daniel"]
[Result "1-0"]
[WhiteElo "2582"]
[BlackElo "2555"]
[PlyCount "129"]
[EventDate "2019.11.16"]
[EventType "tourn (blitz)"]
[EventRounds "15"]
[EventCountry "ENG"]
[EventCategory "5"]
[SourceTitle "BritBase"]
[Source "John Saunders"]
[SourceDate "2024.03.28"]
[SourceVersion "1"]
[SourceVersionDate "2024.03.28"]
[SourceQuality "1"]

1. Nf3 Nf6 2. g3 g6 3. Bg2 Bg7 4. O-O O-O 5. d4 d6 6. c4 c6 7. Nc3 Qa5 8. h3
Nbd7 9. Bd2 Qa6 10. Qa4 Qxa4 11. Nxa4 Nb6 12. Nxb6 axb6 13. a3 d5 14. Ne5 dxc4
15. Nxc4 b5 16. Nb6 Ra6 17. Nxc8 Rxc8 18. Rac1 e6 19. Rfd1 Nd5 20. e3 h6 21.
Rc2 Bf8 22. Rdc1 Rd8 23. Bf1 Ra4 24. Kg2 b4 25. axb4 Bxb4 26. Bc3 Bf8 27. Be2
Ra2 28. Bc4 Ra4 29. Bb3 Ra6 30. Bc4 Raa8 31. h4 h5 32. Be2 Bb4 33. Bf3 Bf8 34.
g4 hxg4 35. Bxg4 f5 36. Bf3 Kf7 37. e4 Nxc3 38. bxc3 Be7 39. h5 g5 40. exf5
exf5 41. Rb1 Ra7 42. Rcb2 Rd7 43. Re1 Bf6 44. Be2 Ra3 45. Bc4+ Kg7 46. Be6 Re7
47. Rc2 Kh6 48. Re3 f4 49. Re4 Kxh5 50. Kf3 Kg6 51. Bg4 Rxe4 52. Kxe4 Kf7 53.
Rb2 Rxc3 54. Rxb7+ Kf8 55. Bh5 Be7 56. Rb8+ Kg7 57. Ke5 Rc1 58. Rb7 Kf8 59.
Rb8+ Kg7 60. Rb7 Kf8 61. Kf5 Re1 62. Kg6 Re6+ 63. Kf5 Re1 64. Rc7 Kg7 65. Rxc6
1-0

[Event "GBR-ch blitz"]
[Site "Birmingham"]
[Date "2019.11.16"]
[Round "14"]
[White "Greet, Andrew N"]
[Black "Pein, Jonathan"]
[Result "1-0"]
[WhiteElo "2425"]
[BlackElo "2208"]
[PlyCount "103"]
[EventDate "2019.11.16"]
[EventType "tourn (blitz)"]
[EventRounds "15"]
[EventCountry "ENG"]
[EventCategory "5"]
[SourceTitle "BritBase"]
[Source "John Saunders"]
[SourceDate "2024.03.28"]
[SourceVersion "1"]
[SourceVersionDate "2024.03.28"]
[SourceQuality "1"]

1. e4 d5 2. exd5 Qxd5 3. Nf3 Bg4 4. Be2 Nc6 5. d4 O-O-O 6. Be3 e5 7. c4 Qa5+ 8.
Bd2 Bb4 9. d5 Bxf3 10. Bxf3 Nd4 11. a3 Bxd2+ 12. Nxd2 Qa6 13. O-O Nxf3+ 14.
Qxf3 Qg6 15. Ne4 f5 16. Nc5 e4 17. Qf4 Nf6 18. Ne6 Rd7 19. Nd4 Nh5 20. Qxf5
Qxf5 21. Nxf5 Nf4 22. Rfe1 Rf8 23. Ng3 Nd3 24. Re2 e3 25. fxe3 Rdf7 26. Rd1 Ne5
27. c5 Kd7 28. e4 g6 29. Rf1 Rxf1+ 30. Nxf1 Nd3 31. b4 a5 32. Re3 Ne5 33. Nd2
axb4 34. axb4 Ra8 35. h3 Ra1+ 36. Kh2 Ra2 37. Nf3 Nc4 38. Rc3 Na3 39. e5 Nb5
40. Re3 Rb2 41. d6 cxd6 42. cxd6 Rxb4 43. e6+ Kxd6 44. e7 Nc7 45. e8=Q Nxe8 46.
Rxe8 b5 47. Rh8 Rb1 48. Rxh7 Ke6 49. h4 b4 50. Kg3 b3 51. Rb7 Kd5 52. Nd2 1-0

[Event "GBR-ch blitz"]
[Site "Birmingham"]
[Date "2019.11.16"]
[Round "14"]
[White "Sherwin, James T"]
[Black "Turner, Matthew"]
[Result "0-1"]
[WhiteElo "2227"]
[BlackElo "2534"]
[PlyCount "53"]
[EventDate "2019.11.16"]
[EventType "tourn (blitz)"]
[EventRounds "15"]
[EventCountry "ENG"]
[EventCategory "5"]
[SourceTitle "BritBase"]
[Source "John Saunders"]
[SourceDate "2024.03.28"]
[SourceVersion "1"]
[SourceVersionDate "2024.03.28"]
[SourceQuality "1"]

1. d4 Nf6 2. Nf3 e6 3. c4 b6 4. g3 Ba6 5. Qc2 c5 6. d5 exd5 7. cxd5 d6 8. Bg2
Be7 9. Nc3 O-O 10. a4 Re8 11. O-O Nbd7 12. Re1 Bf8 13. h3 h6 14. e4 Ne5 15.
Nxe5 Rxe5 16. Bf4 Re8 17. e5 Nh5 18. e6 Nxf4 19. gxf4 Qf6 20. Qe4 Bb7 21. f5 g6
22. exf7+ Kxf7 23. fxg6+ Qxg6 24. Qf3+ Kg8 25. Kh1 Bg7 26. Rg1 Rf8 27. Qe2 0-1

[Event "GBR-ch blitz"]
[Site "Birmingham"]
[Date "2019.11.16"]
[Round "14"]
[White "Willow, Jonah B"]
[Black "Haydon, David Leslie"]
[Result "1/2-1/2"]
[WhiteElo "2187"]
[BlackElo "2366"]
[PlyCount "91"]
[EventDate "2019.11.16"]
[EventType "tourn (blitz)"]
[EventRounds "15"]
[EventCountry "ENG"]
[EventCategory "5"]
[SourceTitle "BritBase"]
[Source "John Saunders"]
[SourceDate "2024.03.28"]
[SourceVersion "1"]
[SourceVersionDate "2024.03.28"]
[SourceQuality "1"]

1. e4 c6 2. d4 d5 3. e5 Bf5 4. h4 h5 5. c4 e6 6. Nc3 Nd7 7. cxd5 cxd5 8. Bd3
Bxd3 9. Qxd3 a6 10. Nf3 Ne7 11. Bg5 Qb6 12. O-O Nf5 13. Nxd5 Qc6 14. Nc3 Nb6
15. Rac1 Bb4 16. Ne4 Qd7 17. a3 Be7 18. Bxe7 Kxe7 19. Qb3 Nd5 20. Nc5 Qb5 21.
Qxb5 axb5 22. Nxb7 b4 23. axb4 Rhb8 24. Nd6 Nxd6 25. exd6+ Kxd6 26. Ne5 f6 27.
Rc6+ Ke7 28. Nd3 Nxb4 29. Nxb4 Rxb4 30. Re1 Rxd4 31. Rcxe6+ Kf7 32. g3 Rb8 33.
Re7+ Kg6 34. Ra7 Rdb4 35. Ree7 Rg8 36. Re2 Rgb8 37. Ra2 Kf5 38. Kg2 Rb3 39.
Ra5+ Kg6 40. Ra2 Kf5 41. Rc2 Kg6 42. Kf1 Kf5 43. Ra7 Kg6 44. Ra2 Kf5 45. Ke2
Re8+ 46. Kf1 1/2-1/2

[Event "GBR-ch blitz"]
[Site "Birmingham"]
[Date "2019.11.16"]
[Round "15"]
[White "Arkell, Keith C"]
[Black "D'Costa, Lorin AR"]
[Result "1-0"]
[WhiteElo "2464"]
[BlackElo "2370"]
[PlyCount "69"]
[EventDate "2019.11.16"]
[EventType "tourn (blitz)"]
[EventRounds "15"]
[EventCountry "ENG"]
[EventCategory "5"]
[SourceTitle "BritBase"]
[Source "John Saunders"]
[SourceDate "2024.03.28"]
[SourceVersion "1"]
[SourceVersionDate "2024.03.28"]
[SourceQuality "1"]

1. d4 Nf6 2. Nf3 g6 3. c4 Bg7 4. g3 O-O 5. Nc3 d5 6. cxd5 Nxd5 7. Bg2 Nc6 8.
O-O Nxc3 9. bxc3 e5 10. e3 Be6 11. Rb1 Rb8 12. Ba3 Re8 13. Nxe5 Nxe5 14. dxe5
Qxd1 15. Rfxd1 Bxe5 16. Rxb7 Rxb7 17. Bxb7 Bxa2 18. Bb4 Rb8 19. Bd5 Bxd5 20.
Rxd5 Bf6 21. Ra5 Rb7 22. Ra6 Kg7 23. Kf1 Bd8 24. Ke2 Bf6 25. Kd3 h5 26. h3 Be5
27. g4 hxg4 28. hxg4 Rb5 29. Rxa7 c5 30. Ba5 Rb2 31. f4 Bb8 32. Rd7 Ra2 33. Bb6
Rg2 34. g5 c4+ 35. Kxc4 1-0

[Event "GBR-ch blitz"]
[Site "Birmingham"]
[Date "2019.11.16"]
[Round "15"]
[White "Gormally, Daniel"]
[Black "Sherwin, James T"]
[Result "1-0"]
[WhiteElo "2555"]
[BlackElo "2227"]
[PlyCount "56"]
[EventDate "2019.11.16"]
[EventType "tourn (blitz)"]
[EventRounds "15"]
[EventCountry "ENG"]
[EventCategory "5"]
[SourceTitle "BritBase"]
[Source "John Saunders"]
[SourceDate "2024.03.28"]
[SourceVersion "1"]
[SourceVersionDate "2024.03.28"]
[SourceQuality "1"]

1. d4 Nf6 2. Nf3 d5 3. c4 e6 4. g3 Be7 5. Bg2 O-O 6. O-O dxc4 7. Nc3 c5 8. dxc5
Bxc5 9. Qa4 Qe7 10. Qxc4 h6 11. a3 Nc6 12. b4 Bd6 13. Bb2 Bd7 14. Ne4 Nxe4 15.
Qxe4 f5 16. Qd3 Rad8 17. e4 Bb8 18. exf5 exf5 19. Rfe1 Qd6 20. Qc3 Rf7 21. Rad1
Qf8 22. Nh4 Kh7 23. Bd5 Re7 24. b5 Ne5 25. a4 Ng4 26. Rxe7 Qxe7 27. Re1 Qf8 28.
Bxb7 Bc8 1-0

[Event "GBR-ch blitz"]
[Site "Birmingham"]
[Date "2019.11.16"]
[Round "15"]
[White "Pein, Jonathan"]
[Black "Willow, Jonah B"]
[Result "1-0"]
[WhiteElo "2208"]
[BlackElo "2187"]
[PlyCount "55"]
[EventDate "2019.11.16"]
[EventType "tourn (blitz)"]
[EventRounds "15"]
[EventCountry "ENG"]
[EventCategory "5"]
[SourceTitle "BritBase"]
[Source "John Saunders"]
[SourceDate "2024.03.28"]
[SourceVersion "1"]
[SourceVersionDate "2024.03.28"]
[SourceQuality "1"]

1. g3 c5 2. Bg2 Nc6 3. e4 g6 4. Ne2 Bg7 5. c3 e5 6. O-O Nge7 7. a3 O-O 8. b4 d6
9. d3 Be6 10. b5 Na5 11. c4 f5 12. exf5 Nxf5 13. Nbc3 Rc8 14. Bd2 b6 15. Nd5
Kh8 16. Rb1 Qd7 17. Bxa5 bxa5 18. Qd2 Qd8 19. a4 Nd4 20. Nxd4 exd4 21. Rfe1 Bg4
22. Re7 Bf3 23. Bxf3 Rxf3 24. Rbe1 Qf8 25. Rxa7 Qf5 26. Ne7 Rxd3 27. Qe2 Re8
28. Nxf5 1-0

[Event "GBR-ch blitz"]
[Site "Birmingham"]
[Date "2019.11.16"]
[Round "15"]
[White "Rendle, Thomas"]
[Black "Camacho Collados, Jose"]
[Result "1-0"]
[WhiteElo "2461"]
[BlackElo "2390"]
[PlyCount "95"]
[EventDate "2019.11.16"]
[EventType "tourn (blitz)"]
[EventRounds "15"]
[EventCountry "ENG"]
[EventCategory "5"]
[SourceTitle "BritBase"]
[Source "John Saunders"]
[SourceDate "2024.03.28"]
[SourceVersion "1"]
[SourceVersionDate "2024.03.28"]
[SourceQuality "1"]

1. e4 c5 2. Nc3 Nc6 3. Bb5 e6 4. Bxc6 bxc6 5. f4 d5 6. d3 Rb8 7. Nf3 g6 8. O-O
Bg7 9. e5 Ne7 10. Na4 Qa5 11. c4 dxc4 12. dxc4 Ba6 13. b3 Rd8 14. Qe1 Qb4 15.
Bd2 Qa3 16. Be3 Qb4 17. Bxc5 Qxe1 18. Rfxe1 h6 19. Bxa7 Bxc4 20. Bb6 Ra8 21.
Bc5 Bd5 22. Nb6 Rb8 23. a4 Bxb3 24. a5 Nd5 25. Reb1 Bc2 26. Rb2 Bd3 27. a6 Nxb6
28. a7 Ra8 29. Rxb6 Kd7 30. Rb7+ Kc8 31. Rxf7 Rg8 32. Rd1 Be4 33. Rdd7 Bd5 34.
Rc7+ Kd8 35. Rxg7 Rxg7 36. Rxg7 Kc8 37. Bb6 g5 38. fxg5 hxg5 39. Nxg5 c5 40.
Rc7+ Kd8 41. Nf7+ Ke8 42. Nd6+ Kf8 43. Bxc5 Kg8 44. Rc8+ Kg7 45. Rxa8 Bxa8 46.
Nc8 Kg6 47. Nb6 Bb7 48. a8=Q 1-0

[Event "GBR-ch blitz"]
[Site "Birmingham"]
[Date "2019.11.16"]
[Round "15"]
[White "Rush, Stephen"]
[Black "Ghasi, Ameet K"]
[Result "0-1"]
[WhiteElo "2006"]
[BlackElo "2582"]
[PlyCount "62"]
[EventDate "2019.11.16"]
[EventType "tourn (blitz)"]
[EventRounds "15"]
[EventCountry "ENG"]
[EventCategory "5"]
[SourceTitle "BritBase"]
[Source "John Saunders"]
[SourceDate "2024.03.28"]
[SourceVersion "1"]
[SourceVersionDate "2024.03.28"]
[SourceQuality "1"]

1. d4 Nf6 2. c4 g6 3. f3 d6 4. e4 Bg7 5. Nc3 O-O 6. Nge2 c6 7. Be3 a6 8. Qd2 b5
9. g4 Nbd7 10. h4 e5 11. d5 Nb6 12. Ng3 Bb7 13. b3 Rc8 14. Rc1 bxc4 15. bxc4
cxd5 16. cxd5 Nfd7 17. h5 Re8 18. hxg6 fxg6 19. Qh2 Nf8 20. Bd3 Nc4 21. Bxc4
Rxc4 22. Rg1 Qc7 23. Bd2 Qf7 24. Qe2 Rec8 25. Nf1 a5 26. Ne3 R4c5 27. Kf2 Nd7
28. Na4 Rxc1 29. Rxc1 Rxc1 30. Bxc1 Nf6 31. Bd2 Nxe4+ 0-1

[Event "GBR-ch blitz"]
[Site "Birmingham"]
[Date "2019.11.16"]
[Round "15"]
[White "Tan, Justin Hy"]
[Black "Adair, James R"]
[Result "1/2-1/2"]
[WhiteElo "2469"]
[BlackElo "2484"]
[PlyCount "53"]
[EventDate "2019.11.16"]
[EventType "tourn (blitz)"]
[EventRounds "15"]
[EventCountry "ENG"]
[EventCategory "5"]
[SourceTitle "BritBase"]
[Source "John Saunders"]
[SourceDate "2024.03.28"]
[SourceVersion "1"]
[SourceVersionDate "2024.03.28"]
[SourceQuality "1"]

1. e4 e5 2. Nf3 Nc6 3. Bb5 Nf6 4. O-O Nxe4 5. Re1 Nd6 6. Nxe5 Be7 7. Bf1 Nxe5
8. Rxe5 O-O 9. d4 Ne8 10. Nc3 Bf6 11. Re1 d5 12. Ne2 Bf5 13. Ng3 Bg6 14. c3 c6
15. Nh5 Be7 16. Nf4 Bf5 17. Qf3 Nd6 18. Bd3 g6 19. h3 Re8 20. Bxf5 Nxf5 21. Nd3
Bd6 22. Bf4 Qc7 23. Bxd6 Qxd6 24. Ne5 f6 25. Nd3 Kf7 26. a4 a5 27. Qf4 1/2-1/2

[Event "GBR-ch blitz"]
[Site "Birmingham"]
[Date "2019.11.16"]
[Round "15"]
[White "Turner, Matthew"]
[Black "Greet, Andrew N"]
[Result "0-1"]
[WhiteElo "2534"]
[BlackElo "2425"]
[PlyCount "70"]
[EventDate "2019.11.16"]
[EventType "tourn (blitz)"]
[EventRounds "15"]
[EventCountry "ENG"]
[EventCategory "5"]
[SourceTitle "BritBase"]
[Source "John Saunders"]
[SourceDate "2024.03.28"]
[SourceVersion "1"]
[SourceVersionDate "2024.03.28"]
[SourceQuality "1"]

1. d4 d5 2. Bg5 c5 3. dxc5 f6 4. Bh4 e5 5. Nc3 Be6 6. Nf3 d4 7. Ne4 Qd5 8. Qd3
Nd7 9. e3 dxe3 10. Qxe3 Nxc5 11. Bb5+ Kf7 12. Nxc5 Bxc5 13. Qe2 Nh6 14. Rd1
Qxa2 15. Rd7+ Kf8 16. Rxb7 Qa1+ 17. Qd1 Qxd1+ 18. Kxd1 Nf5 19. Bg3 Rd8+ 20. Ke2
e4 21. Nd2 Nd4+ 22. Kd1 e3 23. fxe3 Nxb5 24. Rxb5 Bxe3 25. Be1 Kf7 26. Rb7+ Kg6
27. Ke2 Bb6 28. Nf3 Rhe8 29. Nh4+ Kh6 30. Bd2+ g5 31. Kf3 Bd5+ 32. Kg4 Bxb7 33.
Rf1 Rd4+ 34. Kf5 Rxd2 35. Kxf6 Rf8+ 0-1

[Event "GBR-ch blitz (Women)"]
[Site "Birmingham"]
[Date "2019.11.16"]
[Round "1"]
[White "Arakhamia-Grant, Ketevan"]
[Black "Jina, Asha"]
[Result "1-0"]
[WhiteElo "2218"]
[BlackElo "1510"]
[PlyCount "77"]
[EventDate "2019.11.16"]
[EventType "tourn (blitz)"]
[EventRounds "15"]
[EventCountry "ENG"]
[SourceTitle "BritBase"]
[Source "John Saunders"]
[SourceDate "2024.03.28"]
[SourceVersion "1"]
[SourceVersionDate "2024.03.28"]
[SourceQuality "1"]

1. e4 e6 2. d4 d5 3. Nc3 Bb4 4. e5 c5 5. a3 Bxc3+ 6. bxc3 Ne7 7. Nf3 Nbc6 8. a4
Qb6 9. Be2 O-O 10. O-O Bd7 11. Ba3 cxd4 12. cxd4 Rfc8 13. Rb1 Qc7 14. Bd6 Qa5
15. Rxb7 Be8 16. Bxe7 Nxe7 17. Rxe7 Bxa4 18. Bd3 h6 19. Rb7 Qc3 20. Ne1 a5 21.
Qf3 Rf8 22. Qg4 Rac8 23. Ra7 Bxc2 24. Bxc2 Qb4 25. Bd3 Rc6 26. Nc2 Qb6 27. Ra6
Qb7 28. Rxc6 Qxc6 29. Ne3 Qc3 30. Rd1 a4 31. Qe2 a3 32. Qc2 Qb4 33. Rb1 Qe7 34.
Qb3 Ra8 35. Ra1 Qf8 36. Nc2 a2 37. Rxa2 Rxa2 38. Qxa2 Qc8 39. h3 1-0

[Event "GBR-ch blitz (Women)"]
[Site "Birmingham"]
[Date "2019.11.16"]
[Round "1"]
[White "Gamal, Alaa"]
[Black "Supatan, Dawn"]
[Result "1-0"]
[WhiteElo "1709"]
[BlackElo "1596"]
[PlyCount "45"]
[EventDate "2019.11.16"]
[EventType "tourn (blitz)"]
[EventRounds "15"]
[EventCountry "ENG"]
[SourceTitle "BritBase"]
[Source "John Saunders"]
[SourceDate "2024.03.28"]
[SourceVersion "1"]
[SourceVersionDate "2024.03.28"]
[SourceQuality "1"]

1. c4 e5 2. g3 Nf6 3. Bg2 Bc5 4. e3 Nc6 5. Ne2 d6 6. O-O Be6 7. b3 O-O 8. d4
exd4 9. exd4 Bb6 10. d5 Qd7 11. dxe6 Qxe6 12. Bb2 Rfe8 13. Nf4 Qf5 14. Nc3 Rad8
15. Ncd5 Nxd5 16. Nxd5 Ne7 17. Nxb6 axb6 18. Re1 Ng6 19. Bxb7 Ne5 20. Be4 Qd7
21. Qd4 c5 22. Qc3 Ng6 23. Rad1 1-0

[Event "GBR-ch blitz (Women)"]
[Site "Birmingham"]
[Date "2019.11.16"]
[Round "1"]
[White "Head, Louise"]
[Black "Toma, Katarzyna"]
[Result "1/2-1/2"]
[WhiteElo "1844"]
[BlackElo "2210"]
[PlyCount "85"]
[EventDate "2019.11.16"]
[EventType "tourn (blitz)"]
[EventRounds "15"]
[EventCountry "ENG"]
[SourceTitle "BritBase"]
[Source "John Saunders"]
[SourceDate "2024.03.28"]
[SourceVersion "1"]
[SourceVersionDate "2024.03.28"]
[SourceQuality "1"]

1. d4 d5 2. c4 dxc4 3. e3 a6 4. Bxc4 e6 5. Nf3 Nf6 6. O-O b5 7. Bb3 Bb7 8. a4
Nbd7 9. axb5 axb5 10. Rxa8 Bxa8 11. Qe2 Qb8 12. Nbd2 c5 13. dxc5 Nxc5 14. Bc2
Bd6 15. h3 O-O 16. Nb3 Rc8 17. Nxc5 Rxc5 18. Bb1 Ne4 19. Nd2 Nxd2 20. Bxd2 Bh2+
21. Kh1 Be5 22. Bb4 Rc8 23. Bd3 Qb7 24. e4 h6 25. Rd1 Qb6 26. Be1 b4 27. b3 Bb7
28. Bc4 Bb8 29. e5 Qc7 30. f4 Qc6 31. Bxb4 Ba7 32. Rd6 Qc7 33. Be1 Bc5 34. Rd3
Ra8 35. Rd1 Qc6 36. Bc3 g6 37. Kh2 Kg7 38. Rd2 h5 39. Bd4 Bb4 40. Rc2 Qe4 41.
Qxe4 Bxe4 42. Re2 Bc6 43. Bf2 1/2-1/2